Revista Corpus Iuris Regionis

Detalles Bibliográficos
Formato: eBook
Lenguaje:español
Publicado: Santiago de Chile : Universidad Arturo Prat, 200? -
Materias:
Acceso en línea:Acceso restringido

MARC

LEADER 00000nam a22000007a 4500
005 20180327121046.0
007 cr|||| ||||
008 180327c9999200?cl |||| s|||| 0|||a1spa d
022 |a 0717-9529 
035 |a 21003 
040 |a vLex 
090 |c 7562  |d 7562 
245 0 0 |a Revista Corpus Iuris Regionis  |h [Recurso electrn̤ico] 
256 |a Servicio en ln̕ea 
260 |a Santiago de Chile :  |b Universidad Arturo Prat,  |c 200? - 
300 |a  1 recurso electrn̤ico 
310 |a Anual 
506 0 |a Disponible solo en los productos indicados  |d vLex Global  |d vLex Global (Academic Edition, excluding Law Schools)  |d vLex Global (U.S. Academic Edition, Law Schools)  |d vLex Global (U.S. Academic Edition, excluding Law Schools)  |d vLex Global (Academic Edition, Law Schools) 
650 0 4 |a Derecho  |z Chile 
740 0 |a vLex Revistas (Servicio en ln̕ea) 
856 |u http://vlex.com/source/revista-corpus-iuris-regionis-21003  |z Acceso restringido 
942 |c REV 
999 0 |a Law